Law of tort : (Record no. 93553)

MARC details
000 -LEADER
fixed length control field 00921nam a22002537a 4500
005 - DATE AND TIME OF LATEST TRANSACTION
control field 20170412161626.0
010 ## - LCCN (DPL NO)
LC control number ENG-113026
020 ## - INTERNATIONAL STANDARD BOOK NUMBER
International Standard Book Number 9789350355527
Terms of availability 395.00
035 ## - SYSTEM CONTROL NUMBER
System control number EN-96558
035 ## - SYSTEM CONTROL NUMBER
System control number B-667526
037 ## - SOURCE OF ACQUISITION
Source of stock number/acquisition DBAD/PUB
082 ## - DEWEY DECIMAL CLASSIFICATION NUMBER
Classification number 346.03
100 ## - MAIN ENTRY--PERSONAL NAME
Personal name Singh, S.P.
245 ## - TITLE STATEMENT
Title Law of tort :
Remainder of title including compensation under the Consumer Protection Act /
Statement of responsibility, etc by S.P. Singh [and] Indrajit P. Singh ; foreworded by Y.V. Chandrachud
250 ## - EDITION STATEMENT
Edition statement 7th ed
260 ## - PUBLICATION, DISTRIBUTION, ETC. (IMPRINT)
Place of publication, distribution, etc New Delhi
Name of publisher, distributor, etc Universal Law Publishing
Date of publication, distribution, etc 2015
270 ## - ADDRESS
Address A-58, G.T. Karnal Road Industrial Area
City New Delhi
Postal code 110033
300 ## - PHYSICAL DESCRIPTION
Extent liii,398p.
Dimensions 24cm(pbk)
500 ## - GENERAL NOTE
General note Includes index
700 ## - ADDED ENTRY--PERSONAL NAME
Personal name Indrajit P.Singh
700 ## - ADDED ENTRY--PERSONAL NAME
Personal name Chandrachud, Y.V.
942 ## - ADDED ENTRY ELEMENTS (KOHA)
Source of classification or shelving scheme Dewey Decimal Classification
Item type English Books
Call number suffix SIN
Classification part 346.03
Holdings
Withdrawn status Lost status Not for loan Collection code Home library Current library Date acquired Source of acquisition Cost, normal purchase price Full call number Barcode Copy number Cost, replacement price Koha item type
      Non-fiction Ashok Vihar Ashok Vihar 12/04/2017 BPPD/EN/2013-14/AV/16-17/365/15.02.2017KBD/BL16/24.02.2017/17.03.217 395.00 346.03 SIN B-667526 1 395.00 English Books
    Not For Loan Non-fiction D.B.Act.Division D.B.Act.Division 13/05/2015 DBAD/PUB 395.00 346.03 SIN EN-96558 1 395.00 English Books

© Delhi Public Library
Hit Counter
free hit counter